<?xml version="1.0" encoding="UTF-8"?>
<record
    xmlns:xsi="http://www.w3.org/2001/XMLSchema-instance"
    xsi:schemaLocation="http://www.loc.gov/MARC21/slim http://www.loc.gov/standards/marcxml/schema/MARC21slim.xsd"
    xmlns="http://www.loc.gov/MARC21/slim">

  <leader>06053nam a2200373 i 4500</leader>
  <controlfield tag="001">000020755</controlfield>
  <controlfield tag="003">DO-SdBNP</controlfield>
  <controlfield tag="005">20251212110511.0</controlfield>
  <controlfield tag="007">ta</controlfield>
  <controlfield tag="008">150206s2016    dr a    r     000 0 spa d</controlfield>
  <datafield tag="020" ind1=" " ind2=" ">
    <subfield code="a">9789945582345 (v. 223)</subfield>
  </datafield>
  <datafield tag="020" ind1=" " ind2=" ">
    <subfield code="a">9789945443622 (serie)</subfield>
  </datafield>
  <datafield tag="040" ind1=" " ind2=" ">
    <subfield code="a">DO-SdBNP</subfield>
    <subfield code="b">spa</subfield>
    <subfield code="c">BNPHU</subfield>
    <subfield code="e">rda</subfield>
  </datafield>
  <datafield tag="041" ind1=" " ind2=" ">
    <subfield code="a">spa</subfield>
  </datafield>
  <datafield tag="082" ind1=" " ind2="4">
    <subfield code="a">306.097293</subfield>
    <subfield code="b">V145c  2016</subfield>
    <subfield code="2">22</subfield>
  </datafield>
  <datafield tag="100" ind1="1" ind2=" ">
    <subfield code="a">Valdez Albizu, H&#xE9;ctor,</subfield>
    <subfield code="d">1947-</subfield>
    <subfield code="e">autor</subfield>
    <subfield code="9">12322</subfield>
    <subfield code="4">aut.</subfield>
  </datafield>
  <datafield tag="245" ind1="1" ind2="0">
    <subfield code="a">La cultura en el Banco Central :</subfield>
    <subfield code="b">discursos 2014-2016 /</subfield>
    <subfield code="c">H&#xE9;ctor Valdez Albizu.</subfield>
  </datafield>
  <datafield tag="250" ind1=" " ind2=" ">
    <subfield code="a">Primera edici&#xF3;n </subfield>
  </datafield>
  <datafield tag="264" ind1=" " ind2="4">
    <subfield code="a">Santo Domingo, Rep&#xFA;blica Dominicana :</subfield>
    <subfield code="b">Banco Central de la Rep&#xFA;blica Dominicana, </subfield>
    <subfield code="c">&#xA9;2016.</subfield>
  </datafield>
  <datafield tag="300" ind1=" " ind2=" ">
    <subfield code="a">152 p&#xE1;ginas :</subfield>
    <subfield code="b">ilustraciones , fotograf&#xED;as, retratos ;</subfield>
    <subfield code="c">23 cm.</subfield>
  </datafield>
  <datafield tag="336" ind1=" " ind2=" ">
    <subfield code="a">texto</subfield>
    <subfield code="b">txt</subfield>
    <subfield code="2">rdacontent </subfield>
  </datafield>
  <datafield tag="337" ind1=" " ind2=" ">
    <subfield code="a">sin mediaci&#xF3;n </subfield>
    <subfield code="b">n</subfield>
    <subfield code="2">rdamedia </subfield>
  </datafield>
  <datafield tag="338" ind1=" " ind2=" ">
    <subfield code="a">volumen</subfield>
    <subfield code="b">nc</subfield>
    <subfield code="2">rdacarrier </subfield>
  </datafield>
  <datafield tag="490" ind1="1" ind2=" ">
    <subfield code="a">Colecci&#xF3;n Banco Central de la Rep&#xFA;blica Dominicana</subfield>
    <subfield code="v">223</subfield>
  </datafield>
  <datafield tag="490" ind1="1" ind2=" ">
    <subfield code="a">Arte y literatura</subfield>
    <subfield code="v">77</subfield>
  </datafield>
  <datafield tag="500" ind1=" " ind2=" ">
    <subfield code="a">Incluye datos biogr&#xE1;ficos del autor en las solapas</subfield>
  </datafield>
  <datafield tag="505" ind1=" " ind2=" ">
    <subfield code="a">Jos&#xE9; Alc&#xE1;ntara Alm&#xE1;nzar, 11 -- Puesta en circulaci&#xF3;n de las obras: La Cultura en el Banco Central. Discursos 2012-2014, de H&#xE9;ctor Valdez Albizu, Juan Pablo Duarte y la Venezuela del siglo XIX. Historia y leyenda, de Cecilia Ayala Laf&#xE9;e, Wener Wilbert y Ariany Calles, Estudios literario dominicanos, de Manuel A. Ossers y Era lunes ayer, de M&#xE1;ximo Vega, en la Sala de Lectura de la Biblioteca "Juan Pablo Duarte", el lunes 21 de abril de 2014, 17 -- Participaci&#xF3;n en la XVII Feria Internacional del Libro Santo Domingo 2015, del 25 de abril al 5 de mayo, 25 -- Apertura de la exposici&#xF3;n. El escudo Nacional en la numism&#xE1;tica y la filatelia dominicanas, en la sala de Exposiciones Temporales del Museo Numism&#xE1;tico y Filat&#xE9;lico, el martes 12 de agosto de 2014, 27 -- Puesta en circulaci&#xF3;n de la Sexta de Billetes 2014, en el vest&#xED;bulo de la Sala Jes&#xFA;s Mar&#xED;a Troncoso S&#xE1;nchez, del Auditorio del Banco Central, el mi&#xE9;rcoles 1 de octubre de 2014, 33 -- Puesta en circulaci&#xF3;n del a obra: An&#xE1;lisis de la Coyuntura Internacional, de Frank Fuentes, V&#xED;ctor Garc&#xED;a y Amarilis Altagracia Aquino (editores), en el vest&#xED;bulo de la Sala Jes&#xFA;s Mar&#xED;a Troncoso S&#xE1;nchez, del Auditorio del Banco Central, el mi&#xE9;rcoles 15 de octubre de 2014, 41 -- Puesta en circulaci&#xF3;n de las obras: Exposiciones temporales en el Museo Numism&#xE1;tico y Filat&#xE9;lico 2011-2014, La mirada imantada, de Alexis G&#xF3;mez Rosa y Ensayos al vapor, de Miguel An&#xED;bal Perdomo, en la Sala de Lectura de la Biblioteca "Juan Pablo Duarte" el martes 28 de octubre de 2014, 49 -- Entrega de premios de Concurso Anual de Econom&#xED;a Biblioteca "Juan Pablo Duarte", y puesta en circulaci&#xF3;n del libro Nueva literatura econ&#xF3;mica dominicana 2013, en la Sala de Literatura de la Biblioteca "Juan Pablo Duarte", el martes 4 de noviembre de 2014, 57 -- Entrega de premio del Concurso de Arte y Literatura Bancentral, y puesta en circulaci&#xF3;n del libro Obras premiadas 2013, en el vest&#xED;bulo del Museo Numism&#xE1;tico y Filat&#xE9;lico, el marte 2 de diciembre de 2014, 65 -- 2015 -- Ofrenda floral en el Altar de la Patria, mi&#xE9;rcoles 11 de febrero, 75 -- Exposici&#xF3;n: Los Padres de la Patria y los monumentos nacionales, realizada con motivo de la independencia nacional y conmemorarse el XXX aniversario de Museo Numism&#xE1;tico y Filat&#xE9;lico, en la Sala de Exposiciones Temporales de Museo Numism&#xE1;tico y Filat&#xE9;lico, el martes 24 de febrero de 2015, 77 -- Puesta en circulaci&#xF3;n de las obras: El aspirar del aire. Temas sociales, culturales y literarios, de Bruno Rosario Candelier, Anacaona. La construcci&#xF3;n de la cacica ta&#xED;na de Quisqueya. Quinientos a&#xF1;os de ideologizaci&#xF3;n, de Catharina de Vallejo, y Voces de A&#xED;da. Selecci&#xF3;n de texto cr&#xED;ticos sobre m&#xFA;sica, de Marianne de Tolentino (Editora), en la Sala de Lectura de la Biblioteca "Juan Pablo Duarte", el martes 28 de abril de 2015, 83 -- Participaci&#xF3;n en la XVIII Feria Internacional del Libro Santo Domingo 2015, del 23 de abril al 4 de mayo, 91 -- Exposici&#xF3;n: Huellas de la Restauraci&#xF3;n, 1963-1965, en la Sala de Exposiciones Temporales de Museo Numism&#xE1;tico y Filat&#xE9;lico, el martes 11 de agosto de 2015, 93 -- Puesta en circulaci&#xF3;n de las obras: Caminos sobre la mar: obra po&#xE9;tica, de Juan Carlos Mieses, Rafael Solano: m&#xFA;sica y pensamiento. Cr&#xF3;nica y reflexiones de un m&#xFA;sico dominicano, de Rafael Solano y Ensayos sobre historia social, pol&#xED;tica y cultural de la Rep&#xFA;blica Dominicana y de M&#xE9;xico, de Fernando P&#xE9;rez Mem&#xE9;n, en la Sala de Lectura de la Biblioteca "Juan Pablo Duarte", el martes 27de octubre de 2015, 99 -- Entrega de premios del Concurso Anual de Econom&#xED;a Biblioteca "Juan Pablo Duarte" y puesta en circulaci&#xF3;n de los libros: Nueva literatura econ&#xF3;mica dominicana 2014, Nueva Literatura dominicana 2014. Menciones de honor y Bibliograf&#xED;a econ&#xF3;mica dominicana 2013-2014, en la Sala Lectura de la Biblioteca "Juan Pablo Duarte", el martes 3 de noviembre de 2015, 107 -- Entrega de premios del Concurso de Arte y Literatura Bancentral 2015, y puesta en circulaci&#xF3;n de los libros: Obras premiadas 2014, y escribir sobre una ola, de &#xC1;ngela Hern&#xE1;ndez (Editora), en el vest&#xED;bulo del Museo Numism&#xE1;tico y Filat&#xE9;lico, el marte 8 de diciembre de 2015, 117 -- 2016 -- Ofrenda floral en el Altar de la Patria, jueves 11 de febrero, 127 -- Exposici&#xF3;n: La filatelia en el Banco Central, con motivo de la Independencia Nacional y el Vig&#xE9;simo Aniversario de la Sala Filat&#xE9;lica (1996-2016), en la Sala de Exposiciones Temporales del Museo Numism&#xE1;tico y Filat&#xE9;lico, el martes 23 de febrero de 2013, 129 -- Colecci&#xF3;n del Banco Central de la Rep&#xFA;blica Dominicana, 137.</subfield>
  </datafield>
  <datafield tag="590" ind1=" " ind2=" ">
    <subfield code="a">Inventariado, 2025 /LP</subfield>
  </datafield>
  <datafield tag="650" ind1=" " ind2="7">
    <subfield code="a">Arte dominicana</subfield>
    <subfield code="y">Siglo XXI</subfield>
    <subfield code="9">88858</subfield>
  </datafield>
  <datafield tag="650" ind1=" " ind2="7">
    <subfield code="a">Cultura </subfield>
    <subfield code="z">Rep&#xFA;blica Dominicana</subfield>
    <subfield code="2">LEMB</subfield>
    <subfield code="9">1983</subfield>
  </datafield>
  <datafield tag="710" ind1="2" ind2=" ">
    <subfield code="a">Banco Central de la Rep&#xFA;blica Dominicana</subfield>
    <subfield code="9">83405</subfield>
  </datafield>
  <datafield tag="830" ind1=" " ind2="0">
    <subfield code="a">Colecci&#xF3;n Banco Central de la Rep&#xFA;blica Dominicana</subfield>
    <subfield code="v">223</subfield>
    <subfield code="p">Arte y literatura</subfield>
    <subfield code="n">77</subfield>
    <subfield code="9">43513</subfield>
  </datafield>
  <datafield tag="942" ind1=" " ind2=" ">
    <subfield code="2">ddc</subfield>
    <subfield code="c">LBS1</subfield>
  </datafield>
  <datafield tag="952" ind1=" " ind2=" ">
    <subfield code="0">0</subfield>
    <subfield code="1">0</subfield>
    <subfield code="2">ddc</subfield>
    <subfield code="5">6</subfield>
    <subfield code="7">0</subfield>
    <subfield code="8">DS</subfield>
    <subfield code="a">BNPHU</subfield>
    <subfield code="b">BNPHU</subfield>
    <subfield code="c">HD</subfield>
    <subfield code="d">2017-05-03</subfield>
    <subfield code="e">Dep&#xF3;sito Legal</subfield>
    <subfield code="l">0</subfield>
    <subfield code="o">BNPHU DS 306.097293 V145c 2016</subfield>
    <subfield code="p">20755-30</subfield>
    <subfield code="r">2020-06-25</subfield>
    <subfield code="t">e.3</subfield>
    <subfield code="w">2020-06-25</subfield>
    <subfield code="y">LBS1</subfield>
    <subfield code="Z">Pr&#xE9;stamo en sala</subfield>
  </datafield>
  <datafield tag="952" ind1=" " ind2=" ">
    <subfield code="0">0</subfield>
    <subfield code="1">0</subfield>
    <subfield code="2">ddc</subfield>
    <subfield code="5">6</subfield>
    <subfield code="7">0</subfield>
    <subfield code="8">DS</subfield>
    <subfield code="a">BNPHU</subfield>
    <subfield code="b">BNPHU</subfield>
    <subfield code="c">HD</subfield>
    <subfield code="d">2016-11-25</subfield>
    <subfield code="e">Donado por ICDA</subfield>
    <subfield code="l">0</subfield>
    <subfield code="o">BNPHU DS 306.097293 V145c 2016</subfield>
    <subfield code="p">20755-40</subfield>
    <subfield code="r">2020-06-25</subfield>
    <subfield code="t">e.4</subfield>
    <subfield code="w">2020-06-25</subfield>
    <subfield code="y">LBS1</subfield>
    <subfield code="Z">Pr&#xE9;stamo en sala</subfield>
  </datafield>
  <datafield tag="952" ind1=" " ind2=" ">
    <subfield code="0">0</subfield>
    <subfield code="1">0</subfield>
    <subfield code="2">ddc</subfield>
    <subfield code="5">1</subfield>
    <subfield code="7">0</subfield>
    <subfield code="8">PD</subfield>
    <subfield code="a">BNPHU</subfield>
    <subfield code="b">BNPHU</subfield>
    <subfield code="c">HD</subfield>
    <subfield code="d">2017-05-03</subfield>
    <subfield code="e">Dep&#xF3;sito Legal</subfield>
    <subfield code="l">0</subfield>
    <subfield code="o">BNPHU PD 306.097293 V145c 2016</subfield>
    <subfield code="p">20755-10</subfield>
    <subfield code="r">2020-06-25</subfield>
    <subfield code="w">2020-06-25</subfield>
    <subfield code="y">LBS1</subfield>
    <subfield code="Z">No se presta</subfield>
  </datafield>
  <datafield tag="952" ind1=" " ind2=" ">
    <subfield code="0">0</subfield>
    <subfield code="1">0</subfield>
    <subfield code="2">ddc</subfield>
    <subfield code="5">1</subfield>
    <subfield code="7">0</subfield>
    <subfield code="8">PD</subfield>
    <subfield code="a">BNPHU</subfield>
    <subfield code="b">BNPHU</subfield>
    <subfield code="c">HD</subfield>
    <subfield code="d">2017-05-03</subfield>
    <subfield code="e">Dep&#xF3;sito Legal</subfield>
    <subfield code="l">0</subfield>
    <subfield code="o">BNPHU PD 306.097293 V145c 2016</subfield>
    <subfield code="p">20755-20</subfield>
    <subfield code="r">2020-06-25</subfield>
    <subfield code="t">e.2</subfield>
    <subfield code="w">2020-06-25</subfield>
    <subfield code="y">LBS1</subfield>
    <subfield code="Z">No se presta</subfield>
  </datafield>
  <datafield tag="952" ind1=" " ind2=" ">
    <subfield code="0">0</subfield>
    <subfield code="1">0</subfield>
    <subfield code="2">ddc</subfield>
    <subfield code="5">6</subfield>
    <subfield code="7">0</subfield>
    <subfield code="8">DS</subfield>
    <subfield code="a">BNPHU</subfield>
    <subfield code="b">BNPHU</subfield>
    <subfield code="c">HD</subfield>
    <subfield code="d">2018-03-05</subfield>
    <subfield code="e">Donado por Banco Central</subfield>
    <subfield code="l">0</subfield>
    <subfield code="o">BNPHU DS 306.097293 V145c 2016</subfield>
    <subfield code="p">2025-13883</subfield>
    <subfield code="r">2025-12-11</subfield>
    <subfield code="t">e. 5</subfield>
    <subfield code="w">2025-12-11</subfield>
    <subfield code="y">LBS1</subfield>
  </datafield>
  <datafield tag="999" ind1=" " ind2=" ">
    <subfield code="c">20259</subfield>
    <subfield code="d">20259</subfield>
  </datafield>
</record>
